Ordenança tipus sobre el soroll i les vibracions / Grup de treball de Soroll i Mobilitat Sostenible, Xarxa de Ciutats i Pobles cap a la Sostenibilitat
Descripción Física:
44 p. : quadres ; 29 cm
MARC
| LEADER | 00000nam a2200000Ia 4500 | ||
|---|---|---|---|
| 001 | 17928 | ||
| 008 | 160829s2006 xx 000 0 cat d | ||
| 080 | |a FU-52-6 | ||
| 110 | 2 | |a Xarxa de Ciutats i Pobles cap a la Sostenibilitat |9 53477 | |
| 245 | |a Ordenança tipus sobre el soroll i les vibracions / Grup de treball de Soroll i Mobilitat Sostenible, Xarxa de Ciutats i Pobles cap a la Sostenibilitat | ||
| 250 | |a 2a ed. | ||
| 260 | |a Barcelona : |b Diputació de Barcelona, |c 2006 | ||
| 300 | |a 44 p. : |b quadres ; |c 29 cm | ||
| 650 | |a Soroll |9 39320 | ||
| 650 | |a Ordenances municipals |9 28545 | ||
| 710 | |a Barcelona (Catalunya : Província). |b Àrea de Medi Ambient |9 52987 | ||
| 901 | |a Arxiu | ||
| 942 | |n 1 | ||
| 952 | |0 0 |1 0 |4 0 |6 FU526 |7 1 |9 48943 |a Arxiu |b Arxiu |d 2016-12-01 |l 0 |o FU-52-6 |p 17928 |r 2016-12-01 00:00:00 |w 2016-12-01 |y ARXIU | ||
| 999 | |c 52778 |d 52778 | ||